banner koha

Structural differences of the harderian gland between common pheasants (Phasianus Colchicus Talischensis)and hybrids of italian amber and common pheasants (Registro n. 250449)

MARC details
000 -LÍDER
campo de controle de tamanho fixo 00998nas a2200301 4500
001 - NÚMERO DE CONTROLE
campo de controle BR2016003947
003 - IDENTIFICADOR DO NÚMERO DE CONTROLE
campo de controle BR-BrBNA
005 - DATA E HORÁRIO DA ÚLTIMA TRANSAÇÃO
campo de controle 20231205130631.0
007 - CAMPO FIXO DE DESCRIÇÃO FÍSICA--INFORMAÇÃO GERAL
campo de controle de tamanho fixo ta
008 - CAMPO DE DADOS FIXOS--INFORMAÇÃO GERAL
campo de controle de tamanho fixo 230509b bl.|||p| |||| 00| 00por d
040 ## - FONTE DA CATALOGAÇÃO
Instituição da catalogação original BR-BrBNA
Idioma da catalogação por
Instituição que transcreveu o registro Biblioteca Nacional de Agricultura
041 ## - CÓDIGO DE IDIOMA
Código do idioma do texto/trilha sonora ou título diferente (En)
072 ## - CÓDIGO DE CATEGORIA DE ASSUNTO
Código de Categoria de Assunto L40
100 1# - ENTRADA PRINCIPAL--NOME PESSOAL
Nome pessoal Kleckowska-Nawrot, J.
100 1# - ENTRADA PRINCIPAL--NOME PESSOAL
Nome pessoal Gozdziewska-Harlajczuk, K.
100 1# - ENTRADA PRINCIPAL--NOME PESSOAL
Nome pessoal Kowalczyk, A.
100 1# - ENTRADA PRINCIPAL--NOME PESSOAL
Nome pessoal Lukaszewicz, E.
100 1# - ENTRADA PRINCIPAL--NOME PESSOAL
Nome pessoal Nowaczyk, R.
245 1# - TÍTULO
Título Structural differences of the harderian gland between common pheasants (Phasianus Colchicus Talischensis)and hybrids of italian amber and common pheasants
650 ## - ASSUNTO--TERMO TÓPICO
Cabeçalho tópico ou nome geográfico FAISAO
650 ## - ASSUNTO--TERMO TÓPICO
Cabeçalho tópico ou nome geográfico HISTOLOGIA ANIMAL
650 ## - ASSUNTO--TERMO TÓPICO
Cabeçalho tópico ou nome geográfico HISTOQUIMICA
650 ## - ASSUNTO--TERMO TÓPICO
Cabeçalho tópico ou nome geográfico HIBRIDO
650 ## - ASSUNTO--TERMO TÓPICO
Cabeçalho tópico ou nome geográfico ANALISE COMPARATIVA
773 0# - ENTRADA ANALÍTICA
Título Brazilian Journal of Poultry Science (Brazil)
ISSN - International Standard Serial Number ISSN 1516-635X
Partes relacionadas (May-Jun 2016), v. 18(2) p. 309-318
Número de controle do registro BR2016003947
909 ## -
-- 202311
-- Lúcia
-- 55
-- Lúcia Elande
942 ## - ELEMENTOS DE ENTRADA ADICIONADOS (KOHA)
Fonte da classificação ou esquema de arquivamento na estante Classificação AGRIS
Ocultar no OPAC Não
Tipo de material Koha Analítica
Exemplares
Situação do descarte Fonte da classificação ou esquema de arquivamento na estante Situação física Não pode ser emprestado Biblioteca de origem Biblioteca atual Localização na estante Enumeração do periódico / cronologia Total de empréstimos Data de último acesso Número do exemplar Tipo de material Koha Fonte de aquisição
  Classificação AGRIS   Consulta local Biblioteca Nacional de Agricultura - Binagri Biblioteca Nacional de Agricultura - Binagri   (May-Jun 2016), v. 18(2) p. 309-318   29/11/2023 01 Periódicos Portaria Interministerial nº 164/94

BINAGRI

Telefone: (61)3218-2567/2388/3357/2097 - binagri@agro.gov.br

Ministério da Agricultura e Pecuária , Esplanada dos Ministérios, Bloco D, Anexo B, Brasília/DF, CEP: 70.043-900